The economics of involuntary resettlement : (Record no. 3466)

MARC details
000 -LEADER
fixed length control field 01246cam a2200325 a 4500
001 - CONTROL NUMBER
control field 1671585
003 - CONTROL NUMBER IDENTIFIER
control field OSt
005 - DATE AND TIME OF LATEST TRANSACTION
control field 20160412161333.0
008 - FIXED-LENGTH DATA ELEMENTS--GENERAL INFORMATION
fixed length control field 980722s1999 dcua b i000 0 eng
010 ## - LIBRARY OF CONGRESS CONTROL NUMBER
LC control number 98034774
020 ## - INTERNATIONAL STANDARD BOOK NUMBER
International Standard Book Number 082133798X
040 ## - CATALOGING SOURCE
Original cataloging agency DLC
Transcribing agency DLC
Modifying agency DLC
043 ## - GEOGRAPHIC AREA CODE
Geographic area code d------
050 00 - LIBRARY OF CONGRESS CALL NUMBER
Classification number HC59.72.E44
Item number E285 1999
082 00 - DEWEY DECIMAL CLASSIFICATION NUMBER
Classification number 333.3
Edition number 21
Item number E44 1998
245 04 - TITLE STATEMENT
Title The economics of involuntary resettlement :
Remainder of title questions and challenges /
Statement of responsibility, etc. edited by Michael M. Cernea.
260 ## - PUBLICATION, DISTRIBUTION, ETC. (IMPRINT)
Place of publication, distribution, etc. Washington, D.C. :
Name of publisher, distributor, etc. World Bank,
Date of publication, distribution, etc. 1999.
300 ## - PHYSICAL DESCRIPTION
Extent xii, 259 p. :
Other physical details ill. ;
Dimensions 23 cm.
490 1# - SERIES STATEMENT
Series statement Directions in development
504 ## - BIBLIOGRAPHY, ETC. NOTE
Bibliography, etc Includes bibliographical references.
610 20 - SUBJECT ADDED ENTRY--CORPORATE NAME
Corporate name or jurisdiction name as entry element World Bank
Geographic subdivision Developing countries.
9 (RLIN) 7745
650 #0 - SUBJECT ADDED ENTRY--TOPICAL TERM
Topical term or geographic name as entry element Economic development projects
Geographic subdivision Developing countries.
9 (RLIN) 7025
650 #0 - SUBJECT ADDED ENTRY--TOPICAL TERM
Topical term or geographic name as entry element Forced migration
General subdivision Economic aspects
Geographic subdivision Developing countries.
9 (RLIN) 7746
651 #0 - SUBJECT ADDED ENTRY--GEOGRAPHIC NAME
Geographic name Developing countries
General subdivision Economic policy.
9 (RLIN) 6905
700 1# - ADDED ENTRY--PERSONAL NAME
Personal name Cernea, Michael M.
9 (RLIN) 4322
830 #0 - SERIES ADDED ENTRY--UNIFORM TITLE
Uniform title Directions in development (Washington, D.C.)
9 (RLIN) 7323
906 ## - LOCAL DATA ELEMENT F, LDF (RLIN)
a 7
b cbc
c orignew
d 1
e ocip
f 19
g y-gencatlg
942 ## - ADDED ENTRY ELEMENTS (KOHA)
Source of classification or shelving scheme Dewey Decimal Classification
Koha item type Short Loan
Holdings
Withdrawn status Lost status Source of classification or shelving scheme Damaged status Not for loan Home library Current library Source of acquisition Inventory number Total Checkouts Full call number Barcode Date last seen Koha item type
    Dewey Decimal Classification     MUST Main Library MUST Main Library Purchase 2002/16729   333.3 E44 1998 2016-0729 12/04/2016 Short Loan
    Dewey Decimal Classification     MUST Main Library MUST Main Library Purchase 2002/16730   333.3 E44 1998 2024-21721 03/07/2024 Short Loan
    Dewey Decimal Classification     MUST Main Library MUST Main Library Purchase 2002/16731   333.3 E44 1998 2024-21998 16/07/2024 Open Shelf